Catálogo
 En Linea

Vieja y nueva moral sexual. (Registro nro. 39188)

Detalles MARC
000 -CABECERA
campo de control de longitud fija 00315nam a2200109 a 4500
005 - FECHA Y HORA DE LA ÚLTIMA TRANSACCIÓN
campo de control 20201002033702.0
008 - DATOS DE LONGITUD FIJA--INFORMACIÓN GENERAL
campo de control de longitud fija 130716s1930 000 spa d
040 ## - FUENTE DE LA CATALOGACIÓN
Centro catalogador/agencia de origen DO-SdBNP
100 ## - ENTRADA PRINCIPAL--NOMBRE DE PERSONA
Nombre de persona Russell, Bertrand
9 (RLIN) 45737
245 #0 - MENCIÓN DE TÍTULO
Título Vieja y nueva moral sexual.
260 ## - PUBLICACIÓN, DISTRIBUCIÓN, ETC.
Lugar de publicación, distribución, etc. Madrid, España -- edit. españa,
Fecha de publicación, distribución, etc. 1930 -- 300 pag.

No hay ítems disponibles.

Con tecnología Koha